| 000 | 00560 a2200181 4500 | ||
|---|---|---|---|
| 999 |
_c365 _d365 |
||
| 020 | _a9966212558 | ||
| 050 | 0 | 0 | _aBS 500.MAG 1997 |
| 100 | 1 | _aMagnante, Antonio. | |
| 245 | 1 | 0 |
_aWhy suffering? : _bthe mystery of suffering in the Bible / _c by Antonio Magnante. |
| 264 |
_aNairobi: _bPaulines publications., _c1997 |
||
| 300 | _a143 p. ; | ||
| 500 | _aincludes index | ||
| 504 | _aIncludes bibliographical references. | ||
| 650 |
_aBible _xbeliefs |
||
| 650 | _aBible practices | ||
| 942 |
_2lcc _cBK _h500 _iMAG _kBS |
||